000 00506cam a22002171 4500
001 sa 64001851
003 DLC
005 20260227112005.0
008 890425s1963 ii 000 1 beno
010 _asa 64001851
035 _a(OCoLC)19599697
040 _aDLC
_cWaU
_dDLC
042 _apremarc
050 0 0 _aPK1718.K3
_bN3
100 1 _aKara, Bimala,
_d1921-2003.
245 1 0 _aNatuna hāoỵā.
260 _c[1963]
300 _a184 p.
_c23 cm.
500 _aIn Bengali.
500 _aA novel.
999 _c56980
_d56980